Basic technical physics (Record no. 7999)

000 -LEADER
fixed length control field 00442nam a2200181 a 4500
001 - CONTROL NUMBER
control field 7999
003 - CONTROL NUMBER IDENTIFIER
control field BD-DhUET
008 - FIXED-LENGTH DATA ELEMENTS--GENERAL INFORMATION
fixed length control field 820401s1983 nyua 001 0 eng
020 ## - INTERNATIONAL STANDARD BOOK NUMBER
International Standard Book Number 0070649715
040 ## - CATALOGING SOURCE
Original cataloging agency DLC
Transcribing agency DLC
Modifying agency DB-DhUET
082 ## - DEWEY DECIMAL CLASSIFICATION NUMBER
Classification number 530
Item number TIP/1983
100 1# - MAIN ENTRY--PERSONAL NAME
Personal name Tippens, Paul E.
245 10 - TITLE STATEMENT
Title Basic technical physics
260 ## - PUBLICATION, DISTRIBUTION, ETC. (IMPRINT)
Place of publication, distribution, etc. New York
Name of publisher, distributor, etc. McGraw-Hill
Date of publication, distribution, etc. 1983
300 ## - PHYSICAL DESCRIPTION
Extent vii, 502 p.
Other physical details ill.
Dimensions 25 cm.
650 #0 - SUBJECT ADDED ENTRY--TOPICAL TERM
Topical term or geographic name as entry element Physics
942 ## - ADDED ENTRY ELEMENTS (KOHA)
Koha item type General Book
Holdings
Date acquired Damaged status Koha full call number Location (home branch) Koha item type Price effective from Sublocation or collection (holding branch) Koha normalized classification for sorting Koha date last seen Shelving location Lost status Source of classification or shelving scheme Copy number Withdrawn status Not for loan Piece designation (barcode)
2015-01-10 530/TIP/1983Central Library, BUETContented Book 2015-01-10Central Library, BUET530_000000000000000_TIP_19832015-01-10   1  81437
2015-01-10 530/TIP/1983Central Library, BUETContented Book 2015-01-10Central Library, BUET530_000000000000000_TIP_19832015-01-10   2  81436
2015-03-24 530/TIP/1983Central Library, BUETGeneral Book2015-03-24Central Library, BUET530_000000000000000_TIP_19832015-03-24Circulation section  3  81438